Writing research papers : (Record no. 19234)
[ view plain ]
| 000 -LEADER | |
|---|---|
| fixed length control field | 01860cam a22003975a 4500 |
| 001 - CONTROL NUMBER | |
| control field | 016933679 |
| 003 - CONTROL NUMBER IDENTIFIER | |
| control field | OSt |
| 005 - DATE AND TIME OF LATEST TRANSACTION | |
| control field | 20201128021234.0 |
| 008 - FIXED-LENGTH DATA ELEMENTS--GENERAL INFORMATION | |
| fixed length control field | 141022t2015 enka f bd 001 0 eng d |
| 020 ## - INTERNATIONAL STANDARD BOOK NUMBER | |
| International Standard Book Number | 9781292076898 (paperback) |
| 020 ## - INTERNATIONAL STANDARD BOOK NUMBER | |
| International Standard Book Number | 1292076895 (paperback) |
| 040 ## - CATALOGING SOURCE | |
| Original cataloging agency | Uk |
| Language of cataloging | eng |
| Description conventions | rda |
| Transcribing agency | Uk |
| Modifying agency | WlAbNL |
| -- | EG-ScBUE |
| 082 04 - DEWEY DECIMAL CLASSIFICATION NUMBER | |
| Classification number | 808.02 |
| Item number | LES |
| Edition number | 22 |
| 100 1# - MAIN ENTRY--PERSONAL NAME | |
| Personal name | Lester, James D, |
| Titles and other words associated with a name | Sr, |
| Dates associated with a name | 1935-2006, |
| Relator term | author. |
| 9 (RLIN) | 37764 |
| 245 10 - TITLE STATEMENT | |
| Title | Writing research papers : |
| Remainder of title | a complete guide / |
| Statement of responsibility, etc | James D. Lester, James D. Lester, Jr, Austin Peay State University. |
| 250 ## - EDITION STATEMENT | |
| Edition statement | Fifteenth edition. |
| 250 ## - EDITION STATEMENT | |
| Edition statement | Global edition. |
| 264 #1 - PUBLICATION, DISTRIBUTION, ETC. (IMPRINT) | |
| Place of publication, distribution, etc | Harlow, England : |
| Name of publisher, distributor, etc | Pearson Education Limited, |
| Date of publication, distribution, etc | [2015] |
| 264 #4 - PUBLICATION, DISTRIBUTION, ETC. (IMPRINT) | |
| Date of publication, distribution, etc | c 2015 |
| 300 ## - PHYSICAL DESCRIPTION | |
| Extent | 416 pages : |
| Other physical details | color illustrations ; |
| Dimensions | 23 cm. |
| 336 ## - CONTENT TYPE | |
| Source | rdacontent |
| Content type term | text |
| Content type code | txt |
| 337 ## - MEDIA TYPE | |
| Source | rdamedia |
| Media type term | unmediated |
| Media type code | n |
| 338 ## - CARRIER TYPE | |
| Source | rdacarrier |
| Carrier type term | volume |
| Carrier type code | nc |
| 490 0# - SERIES STATEMENT | |
| Series statement | Always learning |
| 500 ## - GENERAL NOTE | |
| General note | Includes appendix. |
| 500 ## - GENERAL NOTE | |
| General note | Includes glossary. |
| 504 ## - BIBLIOGRAPHY, ETC. NOTE | |
| Bibliography, etc | Includes bibliographical references and index. |
| 520 ## - SUMMARY, ETC. | |
| Summary, etc | "The definitive research paper guide for your courses, Writing Research Papers combines a traditional and practical approach to the research process with the latest information on electronic research and presentation. This market-leading text provides you with step-by-step guidance through the research writing process, from selecting and narrowing a topic to formatting the finished document. It includes an extremely thorough and accurate coverage of citation styles for a wide variety of disciplines." |
| 590 ## - LOCAL NOTE (RLIN) | |
| Local note | rana gobara |
| 650 #7 - SUBJECT ADDED ENTRY--TOPICAL TERM | |
| Topical term or geographic name as entry element | Research. |
| Source of heading or term | BUEsh |
| 9 (RLIN) | 37911 |
| 650 #7 - SUBJECT ADDED ENTRY--TOPICAL TERM | |
| Topical term or geographic name as entry element | Report writing. |
| Source of heading or term | BUEsh |
| 9 (RLIN) | 1126 |
| 653 ## - INDEX TERM--UNCONTROLLED | |
| Resource For college | Nursing |
| -- | Communication and mass media |
| Arrived date list | May2015 |
| -- | July2019 |
| 655 ## - INDEX TERM--GENRE/FORM | |
| Form subdivision | Reading book |
| 9 (RLIN) | 34232 |
| 700 1# - ADDED ENTRY--PERSONAL NAME | |
| Personal name | Lester, James D, |
| Titles and other words associated with a name | Jr, |
| Dates associated with a name | 1959- |
| Relator term | author. |
| 9 (RLIN) | 37765 |
| 942 ## - ADDED ENTRY ELEMENTS (KOHA) | |
| Source of classification or shelving scheme | Dewey Decimal Classification |
| Call number prefix | 808.02 LES |
| Koha item type | Book - Borrowing |
| Withdrawn status | Lost status | Source of classification or shelving scheme | Damaged status | Not for loan | Collection code | Home library | Current library | Shelving location | Date acquired | Source of acquisition | Cost, normal purchase price | Serial Enumeration / chronology | Total Checkouts | Full call number | Barcode | Date last seen | Date checked out | Cost, replacement price | Koha item type | Total Renewals |
|---|---|---|---|---|---|---|---|---|---|---|---|---|---|---|---|---|---|---|---|---|
| Dewey Decimal Classification | Alahram | Central Library | Central Library | Second Floor | 28/04/2015 | 295.00 | 321 | 2 | 808.02 LES | 000038085 | 15/07/2025 | 06/11/2019 | 368.75 | Book - Borrowing | ||||||
| Dewey Decimal Classification | Alahram | Central Library | Central Library | Second Floor | 05/05/2015 | 295.00 | 321 | 2 | 808.02 LES | 000038142 | 15/07/2025 | 28/01/2020 | 368.75 | Book - Borrowing | 30 | |||||
| Dewey Decimal Classification | Alahram | Central Library | Central Library | Second Floor | 11/06/2015 | 295.00 | 315 | 6 | 808.02 LES | 000038626 | 24/09/2025 | 03/08/2025 | 368.75 | Book - Borrowing | 10 |